000 00207 a2200097 4500
020 _a9780810944589
041 _aspa
100 _aGraeme Base
245 _aEl signo del caballito de mar
942 _cLibros/Book
999 _c28805
_d28805